Normal view MARC view
  • Eisenberg, Arlene

Entry Nombre Personal

Number of records used in: 1

001 - NUMERO DE CONTROL

  • campo de control: 59332

003 - IDENTIFICADOR DE NUMERO DE CONTROL

  • campo de control: DLC

005 - FECHA Y HORA DE LA ÜLTIMA TRANSACCIÓN

  • campo de control: 20260422130559.0

008 - DATOS DE LONGITUD FIJA

  • campo de control de longitud fija: 780925n| acannaabn |n aaa

010 ## - NÚMERO DE CONTROL DE LA BIBLIOTECA DEL CONGRESO

  • Número de control LC: n 78068678

035 ## - NUMERO DE CONTROL

  • Número de control: (OCoLC)oca00204194

040 ## - FUENTE DE CATALOGACIÓN

  • Agencia original de catalogación: DLC
  • Agencia de transcripción: DLC
  • Agencia que lo modifica: OCl
  • Agencia que lo modifica: MX-MxUPN

100 1# - ENCABEZAMIENTO - NOMBRE PERSONAL

  • Nombre personal: Eisenberg, Arlene

670 ## - FUENTE EN LA QUE SE LOCALIZARON DATOS

  • Cita de la fuente: Alive and well, c1979:
  • Información localizada: portada (Arlene Eisenberg)

670 ## - FUENTE EN LA QUE SE LOCALIZARON DATOS

  • Cita de la fuente: New York times, Feb. 10, 2001:
  • Información localizada: obituaries (Arlene Eisenberg; author of What to expect when you're expecting; b. Arlene Leila Scharaga on June 8, 1934 in Brooklyn; d. Feb. 8, 2001 in Manhattan)

670 ## - FUENTE EN LA QUE SE LOCALIZARON DATOS

  • Cita de la fuente: El primer año del bebe, 1991 :
  • Información localizada: portada (Arlene Eisenberg)

902 ## - CATALOGADOR

  • Catalogador: VíctorGodínez/220426